Foundations for Moral Relativism (Record no. 93653)

MARC details
000 -LEADER
fixed length control field 01639nam a2200241Ii 4500
008 - FIXED-LENGTH DATA ELEMENTS--GENERAL INFORMATION
fixed length control field 221202s xx 000 0 und d
100 1# - MAIN ENTRY--PERSONAL NAME
Personal name J. Velleman, David,
Relator term author
245 #0 - TITLE STATEMENT
Title Foundations for Moral Relativism
246 ## - VARYING FORM OF TITLE
Title proper/short title Second Expanded Edition
264 ## - PRODUCTION, PUBLICATION, DISTRIBUTION, MANUFACTURE, AND COPYRIGHT NOTICE
Name of producer, publisher, distributor, manufacturer Open Book Publishers
Date of production, publication, distribution, manufacture, or copyright notice 2015
300 ## - PHYSICAL DESCRIPTION
Extent 1 online resource (156 pages)
336 ## - CONTENT TYPE
Content type term text
Content type code txt
Source rdacontent
337 ## - MEDIA TYPE
Media type term computer
Media type code c
Source rdamedia
338 ## - CARRIER TYPE
Carrier type term online resource
Carrier type code cr
Source rdacarrier
520 ## - SUMMARY, ETC.
Summary, etc. In this new edition of Foundations for Moral Relativism a distinguished moral philosopher tames a bugbear of current debate about cultural difference. J. David Velleman shows that different communities can indeed be subject to incompatible moralities, because their local mores are rationally binding. At the same time, he explains why the mores of different communities, even when incompatible, are still variations on the same moral themes. The book thus maps out a universe of many moral worlds without, as Velleman puts it, moral black holes". The six self-standing chapters discuss such diverse topics as online avatars and virtual worlds, lying in Russian and truth-telling in Quechua, the pleasure of solitude and the fear of absurdity. Accessibly written, this book presupposes no prior training in philosophy.
653 ## - INDEX TERM--UNCONTROLLED
Uncontrolled term Ethics
653 ## - INDEX TERM--UNCONTROLLED
Uncontrolled term Metaethics
653 ## - INDEX TERM--UNCONTROLLED
Uncontrolled term Moral Disagreement
653 ## - INDEX TERM--UNCONTROLLED
Uncontrolled term Moral Relativism
653 ## - INDEX TERM--UNCONTROLLED
Uncontrolled term Social Philosophy
856 ## - ELECTRONIC LOCATION AND ACCESS
Uniform Resource Identifier <a href="https://docs.google.com/spreadsheets/d/1yKIrdCPDAG_9c22mwoOIO2DOhtj65Wqa/edit?usp=sharing&ouid=106555315294820607512&rtpof=true&sd=true ">https://docs.google.com/spreadsheets/d/1yKIrdCPDAG_9c22mwoOIO2DOhtj65Wqa/edit?usp=sharing&ouid=106555315294820607512&rtpof=true&sd=true </a>
Link text List of Curated E-Books
942 ## - ADDED ENTRY ELEMENTS (KOHA)
Koha item type E-Book

No items available.

University of Rizal System
Email us at univlibservices@urs.edu.ph

Visit our Website www.urs.edu.ph/library